000 00289nam a22001337a 4500
008 210309b ||||| |||| 00| 0 eng d
041 _aeng
080 _a94
082 _a94
100 _a16
101 _aHIS
245 _aExploring the American West 1803 - 1879
_cDC
942 _2udc
_cBK
999 _c56062
_d56062